| 000 | 00728cam a2200205 a 4500 | ||
|---|---|---|---|
| 020 | _a002800941X | ||
| 020 | _a0028009401 (3 1/2" disk) | ||
| 020 | _a0028009398 (5 1/4" disk) | ||
| 040 | _cDLC | ||
| 082 | 0 | 0 | _a808 GLE 1993 A093 Or. |
| 100 | 1 | _aVoisinet, Donald D., | |
| 245 | 1 | 0 | _aMicrocomputer applications for technicians / |
| 260 |
_aNew York, N.Y. : _bGlencoe, _cc1993. |
||
| 300 |
_aix, 195 p. : _bill. ; _c28 cm. + _e3 computer disks (5 1/4 in.) |
||
| 500 | _aSystem requirements for computer disks: IBM-compatible PC; 128K RAM; DOS 2.0-3.1; two floppy disk drives or floppy drive and hard drive; printer. | ||
| 650 | 0 | _aMicrocomputers. | |
| 650 | 0 | _aComputer software. | |
| 650 | 0 | _aScenic byways. | |
| 942 | _cEK | ||
| 999 |
_c13622 _d13622 |
||